00357nam a2200109Ia 4500008004100000020001800041041000800059100001700067245011600084260003900200300000800239230822s1999 xx 000 0 und d a1-84000-088-0 aeng aNIESEWAND N. aLIGHTING, INSPIRATIONAL SOURCEBOOK FOR ANYONE WISHING TO EXPLORE THE LIMITLESS POTENTIAL OF LIGHTING INTERIORS. bOCTOPUS PUB GROUP LTD LONDONc1999 a175